<?xml version="1.0" encoding="UTF-8"?>
<collection xmlns="http://www.loc.gov/MARC21/slim">
 <record>
  <leader>04084nam a2200505 i 4500</leader>
  <controlfield tag="001">000663065</controlfield>
  <controlfield tag="003">StDuBDS</controlfield>
  <controlfield tag="005">20200118113240.0</controlfield>
  <controlfield tag="006">m||||||||d||||||||</controlfield>
  <controlfield tag="007">cr |||||||||||</controlfield>
  <controlfield tag="008">160830s2016    enka   fob    001|0|eng|d</controlfield>
  <datafield tag="STA" ind1=" " ind2=" ">
   <subfield code="a">NEZPRACOVANÝ IMPORT</subfield>
  </datafield>
  <datafield tag="020" ind1=" " ind2=" ">
   <subfield code="a">9780191768354 (ebook) :</subfield>
   <subfield code="c">No price</subfield>
  </datafield>
  <datafield tag="050" ind1=" " ind2="4">
   <subfield code="a">HM786</subfield>
   <subfield code="b">.O9 2016</subfield>
  </datafield>
  <datafield tag="082" ind1="0" ind2="4">
   <subfield code="a">302.35</subfield>
   <subfield code="2">23</subfield>
  </datafield>
  <datafield tag="245" ind1="0" ind2="4">
   <subfield code="a">The Oxford handbook of organizational identity /</subfield>
   <subfield code="c">edited by Michael G. Pratt, Majken Schultz, Blake E. Ashforth and Davide Ravasi.</subfield>
  </datafield>
  <datafield tag="246" ind1="3" ind2="0">
   <subfield code="a">Handbook of organizational identity</subfield>
  </datafield>
  <datafield tag="246" ind1="3" ind2="0">
   <subfield code="a">Organizational identity</subfield>
  </datafield>
  <datafield tag="264" ind1=" " ind2="1">
   <subfield code="a">Oxford :</subfield>
   <subfield code="b">Oxford University Press,</subfield>
   <subfield code="c">2016.</subfield>
  </datafield>
  <datafield tag="300" ind1=" " ind2=" ">
   <subfield code="a">1 online resource (xiii, 514 pages) :</subfield>
   <subfield code="b">illustrations (black and white).</subfield>
  </datafield>
  <datafield tag="336" ind1=" " ind2=" ">
   <subfield code="a">text</subfield>
   <subfield code="2">rdacontent</subfield>
  </datafield>
  <datafield tag="336" ind1=" " ind2=" ">
   <subfield code="a">still image</subfield>
   <subfield code="2">rdacontent</subfield>
  </datafield>
  <datafield tag="337" ind1=" " ind2=" ">
   <subfield code="a">computer</subfield>
   <subfield code="2">rdamedia</subfield>
  </datafield>
  <datafield tag="338" ind1=" " ind2=" ">
   <subfield code="a">online resource</subfield>
   <subfield code="2">rdacarrier</subfield>
  </datafield>
  <datafield tag="490" ind1="1" ind2=" ">
   <subfield code="a">Oxford handbooks online</subfield>
  </datafield>
  <datafield tag="504" ind1=" " ind2=" ">
   <subfield code="a">Includes bibliographical references and index.</subfield>
  </datafield>
  <datafield tag="505" ind1="0" ind2="0">
   <subfield code="t">How Do We Communicate Who We Are? /</subfield>
   <subfield code="r">Beth Schinoff, Kristie Rogers, Kevin G. Corley --</subfield>
   <subfield code="t">Materiality and Identity /</subfield>
   <subfield code="r">Lee Watkiss, Mary Ann Glynn --</subfield>
   <subfield code="t">Fostering stakeholder identification through expressed organizational identities /</subfield>
   <subfield code="r">Cindi Baldi, Caroline Bartel, Janet Dukerich --</subfield>
   <subfield code="t">Identity Construction in Mergers and Acquisitions /</subfield>
   <subfield code="r">Janne Tienari, Eero Vaara --</subfield>
   <subfield code="t">Organizational Identity in Institutional Theory /</subfield>
   <subfield code="r">Mattew Kraatz, Nelson Phillips, Paul Tracey --</subfield>
   <subfield code="t">Organizational identity work /</subfield>
   <subfield code="r">Glen E. Kreiner, Chad Murphy --</subfield>
   <subfield code="t">Organizational identity and innovation /</subfield>
   <subfield code="r">Callen Anthony, Mary Tripsas --</subfield>
   <subfield code="t">Making Sense of Who We Are /</subfield>
   <subfield code="r">Daan van Knippenberg --</subfield>
   <subfield code="t">Great debates in organizational identity study /</subfield>
   <subfield code="r">Peter O. Foreman, David A. Whetten --</subfield>
   <subfield code="t">Optimal Distinctiveness Revisited /</subfield>
   <subfield code="r">Ezra W. Zuckerman --</subfield>
   <subfield code="t">Organizational Identity: A Critique /</subfield>
   <subfield code="r">Mats Alvesson, Maxine Robertson --</subfield>
   <subfield code="t">Bridging and Integrating Theories on Organizational Identity /</subfield>
   <subfield code="r">Joep Cornelissen, Mirjam Werner, S. Alexander Haslam --</subfield>
   <subfield code="t">Organizational identity and organizational identity work as valuable analytical resources /</subfield>
   <subfield code="r">Tony J. Watson --</subfield>
   <subfield code="t">Organizational Identity: The Significance of Power and Politics /</subfield>
   <subfield code="r">Kate Kenny, Andrea Whittle, Hugh Willmott --</subfield>
   <subfield code="t">Re-Membering /</subfield>
   <subfield code="r">Roy Suddaby, William Foster, Christine Quinn Trank --</subfield>
   <subfield code="t">Measuring Organizational Identity /</subfield>
   <subfield code="r">Dennis A. Gioia, Aimee L. Hamilton --</subfield>
   <subfield code="t">Organizational Identity and Institutional Forces /</subfield>
   <subfield code="r">Marya L. Besharov, Shelley L. Brickson --</subfield>
   <subfield code="t">Organizational Identity and the undesired self /</subfield>
   <subfield code="r">Kimberly D. Elsbach, Janet Dukerich --</subfield>
   <subfield code="t">Planned Organizational Identity Change /</subfield>
   <subfield code="r">Cees B. M. van Riel, Mamta Bhatt, Marijke Baumann --</subfield>
   <subfield code="t">Mobilizing Organizational Action Against Identity Threats /</subfield>
   <subfield code="r">Jennifer Petriglieri, Beth A. Devine --</subfield>
   <subfield code="t">Institutional Pluralism, Inhabitants, and the Construction of Organizational and Personal Identities /</subfield>
   <subfield code="r">Rich Dejordy, W. E. Douglas Creed.</subfield>
  </datafield>
  <datafield tag="520" ind1="8" ind2=" ">
   <subfield code="a">Identity studies focus on how organisations define themselves and what they stand for in relation to internal and external stakeholders. This handbook offers an introduction to the growing field of organisational identity and a broad range of the most important theories and methods for the study of organisational identity.</subfield>
  </datafield>
  <datafield tag="521" ind1=" " ind2=" ">
   <subfield code="a">Specialized.</subfield>
  </datafield>
  <datafield tag="588" ind1=" " ind2=" ">
   <subfield code="a">Description based on print version record.</subfield>
  </datafield>
  <datafield tag="650" ind1=" " ind2="0">
   <subfield code="a">Organizational sociology.</subfield>
  </datafield>
  <datafield tag="700" ind1="1" ind2=" ">
   <subfield code="a">Pratt, Michael G.,</subfield>
   <subfield code="e">editor.</subfield>
  </datafield>
  <datafield tag="700" ind1="1" ind2=" ">
   <subfield code="a">Schultz, Majken,</subfield>
   <subfield code="e">editor.</subfield>
  </datafield>
  <datafield tag="700" ind1="1" ind2=" ">
   <subfield code="a">Ashforth, Blake E.,</subfield>
   <subfield code="e">editor.</subfield>
  </datafield>
  <datafield tag="700" ind1="1" ind2=" ">
   <subfield code="a">Ravasi, Davide,</subfield>
   <subfield code="d">1970-</subfield>
   <subfield code="e">editor.</subfield>
  </datafield>
  <datafield tag="776" ind1="0" ind2="8">
   <subfield code="i">Print version :</subfield>
   <subfield code="z">9780199689576</subfield>
  </datafield>
  <datafield tag="830" ind1=" " ind2="0">
   <subfield code="a">Oxford handbooks online.</subfield>
  </datafield>
  <datafield tag="856" ind1="4" ind2="0">
   <subfield code="3">Oxford handbooks online</subfield>
   <subfield code="u">http://dx.doi.org/10.1093/oxfordhb/9780199689576.001.0001</subfield>
   <subfield code="y">Plný text</subfield>
  </datafield>
  <datafield tag="856" ind1="4" ind2="2">
   <subfield code="u">https://knihovna.vse.cz/zdroje/oxford-handbooks-online-scholarly-research-reviews/?info</subfield>
   <subfield code="y">Informace o práci s e-knihami</subfield>
  </datafield>
  <datafield tag="BAS" ind1=" " ind2=" ">
   <subfield code="a">OXFORD</subfield>
  </datafield>
  <datafield tag="BAS" ind1=" " ind2=" ">
   <subfield code="a">EB</subfield>
  </datafield>
  <datafield tag="LKR" ind1=" " ind2=" ">
   <subfield code="a">PAR</subfield>
   <subfield code="b">000538438</subfield>
   <subfield code="l">UEP01</subfield>
   <subfield code="r">776</subfield>
   <subfield code="m">E-book</subfield>
   <subfield code="n">Tištěná verze</subfield>
  </datafield>
  <datafield tag="993" ind1=" " ind2=" ">
   <subfield code="x">NEPOSILAT</subfield>
   <subfield code="y">EB</subfield>
  </datafield>
 </record>
</collection>
